| 000 | 00724pam a2200241 a 4500 | ||
|---|---|---|---|
| 005 | 20260322212051.0 | ||
| 008 | data | ||
| 010 | _a 96043249 | ||
| 020 | _a1558506462 (pbk.) | ||
| 020 | _a9781558506466 (pbk.) | ||
| 040 |
_aDLC _cDLC _dDLC |
||
| 050 | 0 | 0 |
_aBF1175 _b.M36 1997 |
| 082 | 0 | 0 |
_a133.8 _220 |
| 099 | _a 133.8 M36 1997 | ||
| 100 | 1 | _aMandelbaum, Yitta Halberstam. | |
| 245 | 1 | 0 |
_aSmall miracles : _bextraordinary coincidences from everyday life / _cYitta Halberstam Mandelbaum & Judith Leventhal. |
| 260 |
_aHolbrook, Mass. : _bAdams Media Corp., _cc1997. |
||
| 300 |
_axiii, 226 p. ; _c19 cm. |
||
| 650 | 0 |
_aCoincidence _xPsychic aspects. |
|
| 700 | 1 |
_aLeventhal, Judith, _d1958- |
|
| 001 | data | ||
| 999 |
_c1204 _d1204 |
||